Geography Quiz

Random Geography or Asia Quiz

Find the Arabian Peninsula Countries Quiz Stats

 Plays Quiz Updated Aug 12, 2016

Challenge
Share
Tweet
Score 0/7 Timer 02:00
6 Plays Today
% Correct
Saudi Arabia
97.8%
Yemen
88.1%
Oman
87%
Kuwait
86.1%
UAE
83.7%
Qatar
80.9%
Bahrain
61.9%

You're not logged in!

Compare scores with friends on all Sporcle quizzes.
Join for Free
OR
Log In

You Might Also Like...

Show Comments

Extras

Top Quizzes Today


Score Distribution

Your Account Isn't Verified!

In order to create a playlist on Sporcle, you need to verify the email address you used during registration. Go to your Sporcle Settings to finish the process.

Report this User

Report this user for behavior that violates our Community Guidelines.

Details: